Responses for Show #4002 - Tuesday, January 15, 2002

Contestants

[<< previous game]

Tammie Taylor, a college professor and antique dealer from Houston, Texas

Jason Zaborski, a defense policy analyst from Arlington, Virginia

Nanette Wargo, a graduate student from Sauk Village, Illinois (whose 1-day cash winnings total $15,430)

[next game >>]

Jeopardy! Round responses

LITERARY TITLE PAIRS
OSCAR ODDITIES
BATTLES
MR. EDS
WATER WORLD
"S"-ENCE
    $200 1
The Prince

Jason
    $200 12
Paul Newman

Nanette
    $200 4
Civil War

Tammie
    $200 16
Ed Sullivan

Nanette
    $200 15
tooth

Nanette
    $200 5
song

Nanette
    $400 2
Green Eggs

Nanette
    $1,000 13
(Nanette: Who is Bette Davis?)

Katharine Hepburn

Nanette
    $400 25
France

Nanette
    $400 17
Ed Koch

Tammie
    $400 18
pink

Tammie
    $400 8
statement

Nanette
    $600 3
The Agony

Jason
    $600 14
Meryl Streep

Tammie
    $600 28
Spanish-American War

Tammie
    $600 22
Ed Bradley

Jason
    $600 19
barnacles

Nanette
    $600 9
(Tammie: What is a sculptor?)

stonemason

Tammie
Triple Stumper
    $800 6
Tea

Nanette
    $800 26
(Tammie: What is A Clockwork Orange?)

Midnight Cowboy

NanetteTammie
    $800 29
Wars of the Roses

Nanette
    $800 23
Ed Harris

Jason
    $800 20
eels

Tammie
    $800 10
a sawmill

Triple Stumper
    $1000 7
Franny

Nanette
    $1000 27
Tatum O'Neal

Tammie
    $1000 30
Greece

Jason
    $1000 24
Edward White

Jason
    $1000 21
(Tammie: What is a sting ray?)

manta ray

NanetteTammie
    $1000 11
(Jason: What is a striped?)

smallmouth bass

Jason
Triple Stumper

Scores at the first commercial break (after clue 15):

Nanette Jason Tammie
$2,200 -$200 $200

Scores at the end of the Jeopardy! Round:

Nanette Jason Tammie
$6,000 $3,200 $1,600

Double Jeopardy! Round responses

SAME BIRTHDAY AS DR. KING
ALPHABET SOUP
ELECTION 2001
BANK ON IT
(Alex: We'll give you a stock symbol; you have to name the bank it represents.)
"C" SEA
SEÑOR
    $400 11
Taiwan

Jason
    $400 13
u-turn

Triple Stumper
    $400 6
Paris

Jason
    $400 24
Bank of America

Tammie
    $400 1
Caribbean

Jason
    $400 14
Desi Arnaz

Jason
    $800 12
(Jason: Who is Sadat?)

Nasser

NanetteJason
    $800 22
(Nanette: What is the tenderloin?)

t-bone

NanetteJason
    $800 7
Los Angeles

Jason
    $800 25
Bank One

Nanette
    $800 2
Caspian Sea

Tammie
    $800 15
Picasso

Jason
    $1200 19
signing the Declaration of Independence

Jason
    $1200 23
(Alex: [*] pluribus unum, yes.)

E

Jason
    $1200 8
Peru

Jason
    $1200 28
Wells Fargo

Nanette
    $1200 3
China Sea

Jason
    $1200 16
Placido Domingo

Jason
    $1600 20
Gene Krupa

Triple Stumper
    $3,000 26
the A Train

Nanette
    $1600 9
Khatami

Jason
    $1600 29
Citigroup

Jason
    $1600 4
(Jason: What is the Gulf of Cortés?)

Sea of Cortés

Jason
Triple Stumper
    $1600 17
Cuéllar

Jason
    $2000 21
Dupont

Tammie
    $2000 27
(Alex: The King James Version.)

KJV

Nanette
    $2000 10
[Applause]

Thailand

Jason
    $2000 30
J.P. Morgan

Jason
    $1,400 5
Coral Sea

Jason
    $2000 18
Samaranch

Jason

Scores at the end of the Double Jeopardy! Round:

Nanette Jason Tammie
$13,000 $23,000 $4,800

[wagering suggestions for these scores]

Final Jeopardy! Round responses

ARTISTS
TammieWho is Degas?
$4,000
NanetteWho [snowball like blob of something scribbled out] was Degas?
$10,000
JasonWho is Rodin?
$3,001
(Edgar) Degas

Final scores:

Nanette Jason Tammie
$23,000 $19,999 $8,800
2-day champion: $38,430 2nd place: trip to Jamaica and stay at Beaches Ochos Rios 3rd place: trip to Rancho Mirage, California & stay at Marriott's Rancho Las Palmas Resort & Country Club

Game dynamics:

Coryat scores:

Nanette Jason Tammie
$12,600 $23,600 $4,800
18 R
(including 1 DD),
2 W
(including 1 DD)
25 R
(including 1 DD),
3 W
10 R,
3 W

Combined Coryat: $41,000

[game clues] [game scores] [suggest correction]

Game tape date: 2001-10-30
The J! Archive is created by fans, for fans. Scraping, republication, monetization, and malicious use prohibited; this site may use cookies and collect identifying information. See terms. The Jeopardy! game show and all elements thereof, including but not limited to copyright and trademark thereto, are the property of Jeopardy Productions, Inc. and are protected under law. This website is not affiliated with, sponsored by, or operated by Jeopardy Productions, Inc. Join the discussion at JBoard.tv.